| 000 | 02751nam0a2200421 4500 | ||
|---|---|---|---|
| 001 | RU\NLR\BIBL_A\012235280 | ||
| 005 | 20230321145225.0 | ||
| 010 |
_a978-5-16-015462-6 _d500 |
||
| 021 |
_aRU _bКН-П-20-001213 _9КН-П-20-0085 |
||
| 035 | _a(NLR Aleph) 012235280 | ||
| 035 | _a(RuMoRGB)010226980 | ||
| 090 |
_a11006064 _c11006064 |
||
| 100 | _a20200303d2020 k y0rusy50 ca | ||
| 101 | 0 | _arus | |
| 102 | _aRU | ||
| 105 | _aa zzzz||000zy | ||
| 181 | 0 |
_ai _baxxe |
|
| 182 | 0 | _an | |
| 200 | 1 |
_aРеализация национальных интересов Российской Федерации в сотрудничестве со странами АТР _eмонография _f[Абрамов В. Л., доктор экономических наук, профессор, Алексеев П. В., кандидат экономических наук, Кузнецов А. В., доктор экономических наук, профессори др.] _gпод редакцией В. В. Перской и Е. С. Соколовой, [, докторов экономических наук, профессоров] _gФинансовый университет при Правительстве Российской Федерации |
|
| 203 |
_aТекст _bвизуальный _cнепосредственный |
||
| 210 |
_aМосква _cИНФРА-М _d2020 |
||
| 215 |
_a186 с. _cил., табл. _d21 |
||
| 225 | 1 |
_aНаучная мысль _iЭкономика |
|
| 300 | _aАвт. указаны на обороте тит.л. | ||
| 320 | _aБиблиогр.: с. 164-180 (237 назв.) и в подстроч. примеч. | ||
| 607 |
_aРоссийская Федерация _xЭкономические взаимоотношения _2nlr_sh1 _2nlr_sh2 _3RU\NLR\AUTH\661245821 |
||
| 686 | 1 | _aУ9(2)8(2Р) | |
| 701 | 1 |
_aАбрамов _bВ. Л. _cд-р экон. наук _gВалерий Леонидович _3RU\NLR\AUTH\7719345 |
|
| 701 | 1 |
_aАлексеев _bП. В. _cканд. экон. наук _f1978- _gПетр Викторович _3RU\NLR\AUTH\770154001 |
|
| 701 | 1 |
_aКузнецов _bА. В. _cд-р экон. наук, мировая экономика _f1978- _gАлексей Владимирович _3RU\NLR\AUTH\7740707 |
|
| 702 | 1 |
_aПерская _bВ. В. _f1970- _gВиктория Вадимовна _3RU\NLR\AUTH\77127148 _4340 |
|
| 712 | 0 | 2 |
_aФинансовый университет при Правительстве Российской Федерации _cМосква _3RU\NLR\AUTH\8810171129 _4570 |
| 942 | _cBOOK | ||
| 980 | _aNBR | ||
| 980 | _aNB | ||